000 00411nam a2200193Ia 4500
003 0100
008 130303s9999 xx 000 0 und d
040 _cARRUPELIB
050 _aBF173.F6255 1989
245 4 _aThe Freud reader
260 _aLondon
260 _bNorton and Co.
260 _C1989
300 _a832p.
300 _b 22cm
650 _bBible
700 _aGay, Peter
942 _2lcc
_01
999 _c58682
_d58682